000
00268nam a2200097Ia 4500
001
647159
005
20250826153657.0
008
250824s9999 xx 000 0 und d
245
0
_a
KURTULUŞUN KAHRAMANLARI 9 YÖRÜK ALİ EFE
_c
İSMAİL BİLGİN
260
_b
TİMAŞ ÇOCUK
999
_c
647159
_d
647159